| 000 | 00547 a2200217 4500 | ||
|---|---|---|---|
| 003 | Nust | ||
| 005 | 20170207154049.0 | ||
| 020 | _a0-340-70610-4 (pbk) ; | ||
| 040 | _cNust | ||
| 082 | _a415 | ||
| 082 | _a415 | ||
| 100 | 1 | _aBorsley, Robert D. | |
| 245 | 0 | 0 |
_aSyntactic theory :a unified approach(E-BOOK) _cRobert D. Borsley |
| 250 | _a2. ed. | ||
| 260 |
_aLondon : _bArnold, _c1998 |
||
| 300 | _axii, 276 s. | ||
| 500 | _aPrevious ed.: 1991 | ||
| 650 | 7 |
_aGrammar, Comparative and general _xSyntax |
|
| 650 | 7 |
_aSyntax _xteori |
|
| 651 | _aE-BOOK | ||
| 942 |
_2ddc _cBK |
||
| 999 |
_c193030 _d193030 |
||